• 首页
  • 本馆介绍
  • 公告通知
  • 最新文献
  • 馆藏检索
  • 电子资源
  • 读者导购
  • 参考咨询
  • 我的图书馆
  • 登录
  • 详细信息显示
  • 放入我的书架
  • 预约/预借图书
  • 作者相关作品
  • 分类相关作品
  • 丛书相关作品
  • 出版社相关作品

书目信息

  • 表格格式
  • 工作单格式
  • 卡片格式
题名:
村镇环境综合整治技术模式与产业化推广机制
    
 
作者: 王夏晖 , 李志涛 著
分册:  
出版信息: 北京   中国环境出版社  2017.07
页数: 194页
开本: 26cm
丛书名:
单 册:
中图分类: X322.202 , X322.2
科图分类:
主题词: 农业环境--环境管理--研究--中国
电子资源:
ISBN: 978-7-5111-3000-6
000 01020nam0 2200253 450
001 1091
005 20180927113517.51
010    @a978-7-5111-3000-6@dCNY45.00
100    @a20180217d2017 em y0chiy50 ea
101 0  @achi
102    @aCN@b110000
105    @ay z 000yy
200 1  @a村镇环境综合整治技术模式与产业化推广机制@9cun zhen huan jing zong he zheng zhi ji shu mo shi yu chan ye hua tui guang ji zhi@f王夏晖,李志涛著
210    @a北京@c中国环境出版社@d2017.07
215    @a194页@d26cm
300    @a国家“十二五”科技支撑计划资助出版
330    @a本书从环境综合整治技术模式、规范性技术文件、适用技术产业化推广机制三个领域开展研究。全书共分为6章,内容包括:村镇环境整治技术模式评价、村镇环境整治规范性技术文件评估、村镇环境整治技术成效评价方法等。
606 0  @a农业环境@x环境管理@x研究@y中国
690    @aX322.202@v5
690    @aX322.2@v4
701  0 @a王夏晖@9wang xia hui@f(1975-)@4著
701  0 @a李志涛@9li zhi tao@f(1982-)@4著
801  0 @aCN@b91MARC@c20180217
905    @aMuseLib@dX322.2@e227
    
    村镇环境综合整治技术模式与产业化推广机制/王夏晖,李志涛著.-北京:中国环境出版社,2017.07
    194页;26cm
    国家“十二五”科技支撑计划资助出版
    
    ISBN 978-7-5111-3000-6:CNY45.00
    本书从环境综合整治技术模式、规范性技术文件、适用技术产业化推广机制三个领域开展研究。全书共分为6章,内容包括:村镇环境整治技术模式评价、村镇环境整治规范性技术文件评估、村镇环境整治技术成效评价方法等。
●
相关链接 在E读中查询图书 在五车中查询图书 在当当中查询图书 在豆瓣中查询图书


正题名:村镇环境综合整治技术模式与产业化推广机制     索取号:X322.2/227         预约/预借

序号 登录号 条形码 馆藏地/架位号 状态 备注
1 1121129   211211295   第二样本阅览室/ [索取号:X322.2/227] 在馆    
2 1121130   211211302   第三借阅区/ [索取号:X322.2/227] 在馆    
3 1121131   211211311   第三借阅区/ [索取号:X322.2/227] 在馆    
4 1121132   211211320   第三借阅区/ [索取号:X322.2/227] 在馆    
5 1121133   211211339   密集书库-资源管理系/ [索取号:X322.2/227] 在馆    
唐山师范学院图书馆 欢迎您!
大连网信软件有限公司© 版权所有